Knižnice a informácie
| Previous Title: | Knižnice a vedecké informácie Čitateľ |
|---|---|
| Other Authors: | |
| Format: | Journal |
| Language: | Slovak |
| PhysicalDescription: | 12 zv. 24 cm |
| Published: |
Martin
Matica slovenská
1991-2002
Martin Matica slovenská Neografia |
| ISSN: | 1210-096X 0322-807X 0009-7438 |
| Subjects: |
MARC
| LEADER | 00000cas a2200000 a 4500 | ||
|---|---|---|---|
| 001 | vtls008877258 | ||
| 003 | SK-MaSNL | ||
| 005 | 20260228162106.0 | ||
| 008 | 061110d19912002xo br|p 0 b0slo c | ||
| 022 | |a 1210-096X | ||
| 040 | |a SPK |b slo |c SPK |d SVKBB |d SAVUK |d SNK |e ACCR2 | ||
| 041 | 0 | |a slo | |
| 044 | |a xo |c SK | ||
| 072 | 7 | |a 02 |x Knihovníctvo. Informatika |2 konspekt | |
| 080 | |a 026/027 |2 2001 | ||
| 080 | |a 02 |2 2001 | ||
| 080 | |a (051)-027.561 |2 2001 | ||
| 210 | 0 | |a Kn. inf. | |
| 222 | 0 | |a Knižnice a informácie | |
| 245 | 0 | 0 | |a Knižnice a informácie |
| 246 | 1 | 1 | |a Libraries and information |
| 246 | 1 | 1 | |a Bibliotheken und Information |
| 246 | 1 | 1 | |a Biblioteki i informacija |
| 246 | 3 | 3 | |a KI |
| 260 | |a Martin |b Matica slovenská |c 1991-2002 | ||
| 260 | 3 | |3 2002 |a Martin |b Matica slovenská |b Neografia | |
| 300 | |a 12 zv. |c 24 cm | ||
| 310 | |a 6x mesačne |b 2001-2002 | ||
| 321 | |a 1x mesačne |b 1992-2000 | ||
| 321 | |a 6x mesačne |b 1991 | ||
| 362 | 0 | |a Roč. 23, č. 4 (1991)-roč. 34, č. 5/6 (2002) | |
| 650 | 0 | 7 | |a knihovníctvo |2 SNKPH |9 1557 |
| 650 | 0 | 7 | |a knižnice |2 SNKPH |9 17965 |
| 655 | 7 | |a odborné časopisy |2 SNKPH |9 70505 | |
| 700 | 1 | |a Hogh, Horst, |d 1943- |4 pbd |9 106558 | |
| 780 | 0 | 0 | |t Knižnice a vedecké informácie |x 0322-807X |w vtls001382099 |
| 780 | 0 | 5 | |t Čitateľ |x 0009-7438 |w vtls008881572 |
| 852 | |a Štátna vedecká knižnica v Banskej Bystrici | ||
| 910 | |a savuk | ||
| 910 | |a snk | ||
| 916 | |a 1991-2002 | ||
| 999 | |c 6785 |d 8715 | ||
| 952 | |t č. 1-12 |a SNK |b SNK |y PREZ |7 0 |p 17A0210273 |o snkČSC 1562/28/1996 D1 |0 0 |1 0 |4 0 |d 1999-09-17 |l 1 |r 2026-03-10 15:12:12 |s 2026-02-28 |w 2026-02-21 | ||
| 952 | |t č. 1-12 |a SNK |b SNK |y PREZ |7 0 |p 17A0341839 |o snkČSC 1562/30/1998 D1 |0 0 |1 0 |4 0 |d 2002-05-13 |l 0 |r 2005-01-02 00:00:00 |w 2026-02-21 | ||
| 952 | |t č. 1-12 |a SNK |b SNK |y PREZ |7 0 |p 17A0341599 |o snkČSC 1562/29/1997 D1 |0 0 |1 0 |4 0 |d 2002-05-15 |l 0 |r 2005-01-02 00:00:00 |w 2026-02-21 | ||
| 952 | |t č. 1-12 |a SNK |b SNK |y PREZ |7 0 |p 17A0370535 |o snkČSC 1562/31/1999 D1 |0 0 |1 0 |4 0 |d 2003-01-23 |l 0 |r 2005-01-02 00:00:00 |w 2026-02-21 | ||
| 952 | |t č. 1-6 |a SNK |b SNK |y PREZ |7 0 |p 17A0388418 |o snkČSC 1562/33/2001 |i snkČSP 976/2003 |8 0 |z č. 1-6 |f 1 |0 0 |1 0 |4 0 |d 2003-07-04 |l 0 |r 2005-01-02 00:00:00 |w 2026-02-21 | ||
| 952 | |t č. 1-6 |a SNK |b SNK |y PREZ |7 0 |p 17A0466998 |o snkČSC 1562/34/2002 |i snkČSP 579/2004 |f 1 |0 0 |1 0 |4 0 |d 2005-04-28 |l 0 |r 2026-02-21 19:41:44 |w 2026-02-21 | ||
| 952 | |t č. 1-12 |a SNK |b SNK |y PREZ |7 0 |p 17A0193148 |o snkČSC 1562/26/1994 |i snkČSP 1696/96 |f 1 |0 0 |1 0 |4 0 |d 1999-05-05 |l 0 |r 2005-01-02 00:00:00 |w 2026-02-21 | ||
| 952 | |t č. 1-12 |a SNK |b SNK |y PREZ |7 0 |p 17A0109960 |o snkČSC 1562/27/1995 D1 |0 0 |1 0 |4 0 |d 1997-11-20 |l 0 |r 2005-01-02 00:00:00 |w 2026-02-21 | ||
| 952 | |t č. 1-12 |a SNK |b SNK |y PREZ |7 0 |p 17A0358806 |o snkČSC 1562/27/1995 |i snkČSP 1698/96 |f 1 |0 0 |1 0 |4 0 |d 2002-10-09 |l 0 |r 2005-01-02 00:00:00 |w 2026-02-21 | ||
| 952 | |t č. 1-6 |a SNK |b SNK |y PREZ |7 0 |p 17A0462016 |o snkČSC 1562/34/2002 D1 |i snkČSP 580/2004 |0 0 |1 0 |4 0 |d 2005-04-06 |l 0 |r 2026-02-21 20:59:52 |w 2026-02-21 | ||
| 952 | |t č. 1-12 |a SNK |b SNK |y PREZ |7 0 |p 17A0469754 |o snkČSC 1562/31/1999 |i snkČSP 1574/2001 |f 1 |0 0 |1 0 |4 0 |d 2005-06-20 |l 0 |r 2026-02-21 21:10:59 |w 2026-02-21 | ||
| 952 | |t č. 1-12 |a SNK |b SNK |y PREZ |7 0 |p 17A0173701 |o snkČSC 1562/25/1993 D1 |0 0 |1 0 |4 0 |d 1998-12-10 |l 0 |r 2005-01-02 00:00:00 |w 2026-02-21 | ||
| 952 | |t č. 1-12 |a SNK |b SNK |y PREZ |7 0 |p 17A0195118 |o snkČSC 1562/25/1993 |i snkČSP 148/95 |f 1 |0 0 |1 0 |4 0 |d 1999-06-01 |l 0 |r 2005-01-02 00:00:00 |w 2026-02-21 | ||
| 952 | |t č. 1-12 |a SNK |b SNK |y PREZ |7 0 |p 17A0173765 |o snkČSC 1562/24/1992 D1 |0 0 |1 0 |4 0 |d 1998-12-10 |l 1 |r 2026-03-10 15:11:49 |s 2026-02-28 |w 2026-02-21 | ||
| 952 | |t č. 1-12 |a SNK |b SNK |y PREZ |7 0 |p 17A0417386 |o snkČSC 1562/32/2000 D1 |i snkČSP 1736/2003 |0 0 |1 0 |4 0 |d 2004-03-08 |l 1 |r 2026-03-10 15:11:30 |s 2026-02-28 |w 2026-02-21 | ||
| 952 | |t č. 1-6 |a SNK |b SNK |y PREZ |7 0 |p 17A0417390 |o snkČSC 1562/33/2001 D1 |i snkČSP 977/2003 |0 0 |1 0 |4 0 |d 2004-03-08 |l 0 |r 2005-01-02 00:00:00 |w 2026-02-21 | ||
| 952 | |t č. 1-12 |a SNK |b SNK |y PREZ |7 0 |p 17A0173766 |o snkČSC 1562/26/1994 D1 |0 0 |1 0 |4 0 |d 1998-12-10 |l 1 |r 2026-03-10 15:11:36 |s 2026-02-28 |w 2026-02-21 | ||
| 952 | |t č. 1-12 |a SNK |b SNK |y PREZ |7 0 |p 17A0492908 |o snkČSC 1562/29/1997 |i snkČSP 916/99 |f 1 |0 0 |1 0 |4 0 |d 2006-01-05 |l 0 |r 2026-02-21 21:20:28 |w 2026-02-21 | ||
| 952 | |t č. 1-12 |a SNK |b SNK |y PREZ |7 0 |p 17A0459408 |o snkČSC 1562/24/1992 |i snkČSP 5224/93 |f 1 |0 0 |1 0 |4 0 |d 2005-02-28 |l 0 |r 2026-02-21 21:20:40 |w 2026-02-21 | ||
| 952 | |t č. 1-12 |a SNK |b SNK |y PREZ |7 0 |p 17A0565108 |o snkČSC 1562/28/1996 |i snkČSP 926/99 |f 1 |3 rekatalogizácia |0 0 |1 0 |4 0 |d 2007-10-11 |l 0 |r 2026-02-21 21:22:36 |w 2026-02-21 | ||
| 952 | |t č. 1-12, neúplné |a SNK |b SNK |y PREZ |7 0 |p 17A0409987 |o snkČSC 1562/32/2000 |i snkČSP 1735/2003 |z chýba č. 11-12 |f 1 |3 chýba č. 11-12 |0 0 |1 0 |4 0 |d 2013-02-28 |l 0 |r 2026-02-21 21:31:02 |w 2026-02-21 | ||
| 952 | |t č. 1-12 |a SNK |b SNK |y PREZ |7 0 |p 17A0355915 |o snkČSC 1562/30/1998 |i snkČSP 1576/2001 |f 1 |0 0 |1 0 |4 0 |d 2002-09-24 |l 0 |r 2005-01-02 00:00:00 |w 2026-02-21 | ||


